000 01805nam a2200181Ia 4500
999 _c2998
_d2998
020 _a9781405874243 (pbk.)
020 _a1405874244 (pbk.)
050 _aHD82
_b.T63
100 1 _aTodaro, Michael P.
245 1 0 _aEconomic development /
_cMichael P. Todaro, Stephen C. Smith.
250 _a10th ed.
260 _aHarlow :
_bAddison-Wesley,
_cc2009.
300 _axxvii, 861 p., map ;
_c23 cm.
505 _aCase Studies -- Figures -- Tables -- 1. Economics, Institutions, and Development: A Global Perspective -- 2. Diverse Structures and Common Characteristics of Developing Nations -- 3. Theories of Development: A Comparative Analysis -- 4. Historic Growth and Contemporary Development: Lessons and Controversies -- 5. Growth, Poverty, and Income Distribution -- 6. Population Growth and Economic Development: Causes, Consequences, and Controversies -- 7. Unemployment: Issues, Dimensions, and Analyses -- 8. Urbanization and Rural-Urban Migration: Theory and Policy -- 9. Agricultural Transformation and Rural Development -- 10. The Environment and Development -- 11. Education and Development -- 12. Trade Theory and Development Experience -- 13. The Trade Policy Debate: Export Promotion, Import Substitution, and Economic Integration -- 14. Balance of Payments, Third World Debt, and the Macroeconomic Stabilization Controversy -- 15. Foreign Finance, Investment, and Aid: Controversies and Opportunities -- 16. Planning, Markets, and the Role of the State -- 17. Financial Reform and Fiscal Policy -- 18. Critical Issues for the Twenty-first Century: Globalization, the Environment, Economic Transition, Africa, and International Economic Reform -- Glossary -- Name Index -- Subject Index.
650 0 _aEconomic development.
700 1 _aSmith, Stephen C.,
942 _cBK